North American Sports Teams Champions - Statistics

General Stats
  • This quiz has been taken 33 times
  • The average score is 30 of 44
Answer Stats
Titles Answer % Correct
18 Boston Celtics
96%
6 New England Patriots
96%
17 Los Angeles Lakers
92%
27 New York Yankees
92%
5 Cincinnati Reds
84%
7 Golden State Warriors
84%
23 Montreal Canadiens
84%
4 New York Giants
84%
6 Pittsburgh Steelers
84%
8 San Francisco Giants
84%
9 Boston Red Sox
76%
6 Chicago Bulls
76%
5 San Francisco 49ers
76%
3 Chicago Cubs
72%
5 Dallas Cowboys
72%
9 Los Angeles Dodgers
72%
5 Pittsburgh Penguins
72%
5 Edmonton Oilers
68%
4 Kansas City Chiefs
68%
3 Las Vegas Raiders
68%
5 Pittsburgh Pirates
68%
11 St. Louis Cardinals
68%
13 Toronto Maple Leafs
68%
6 Chicago Blackhawks
64%
3 Miami Heat
64%
4 New York Rangers
64%
3 Philadelphia 76ers
64%
6 Boston Bruins
60%
3 Chicago White Sox
60%
3 Denver Broncos
60%
11 Detroit Red Wings
60%
4 Green Bay Packers
60%
5 San Antonio Spurs
60%
4 Atlanta Braves
56%
3 Detroit Pistons
56%
3 Tampa Bay Lightning
56%
3 Washington Commanders
56%
4 New York Islanders
52%
4 Detroit Tigers
48%
3 New Jersey Devils
48%
3 Colorado Avalanche
44%
3 Minnesota Twins
44%
9 Athletics
40%
3 Baltimore Orioles
32%
No matching quizzes found
Score Distribution
Percent of People with Each Score
Percentile by Number Answered
Your Score History
You have not taken this quiz